Introduction to statistical analysis.

Uloženo v:
Podrobná bibliografie
Hlavní autor: Dixon, Wilfrid (autor)
Další autoři: Massey, Frank (autor) (autor)
Médium: Kniha
Jazyk:angličtina
Témata:
Tagy: Přidat tag
Žádné tagy, Buďte první, kdo vytvoří štítek k tomuto záznamu!

MARC

LEADER 00000cam^a2200000uu^4500
001 000466421
005 20250521000000.0
008 050901s1957^^^^^^^^^^^^rd^r^^000^0^eng^d
009 20260310124421.917
035 |a FCE 000009059 
035 |a FCE 024885 
037 |a Acervo ITESO - Biblioteca 
041 |a eng 
082 0 4 |a 519.535  |b DIXi 
100 |a Dixon, Wilfrid  |e (autor) 
245 1 0 |a Introduction to statistical analysis. 
264 |a Estados Unidos :  |b Mcgraw-Hill,  |c 1957. 
300 |a 488 p. 
336 |a texto  |b txt  |2 rdacontenido 
337 |a sin mediación  |b n  |2 rdamedio 
338 |a volumen  |b nc  |2 rdasoporte 
649 |a XX 
650 |a Análisis estadístico 
650 |a Método estadístico 
650 |a Álgebra 
650 |a Variables 
650 |a Conceptos matemáticos 
700 |a Massey, Frank  |e (autor) 
910 |a Fondo Centro de Estudios Educativos 
920 |a Impresos - Libros 
930 |a Fondos Especiales 
905 |a 133 
901 |a ALE024885  |b IT2  |c CEE  |u 20250521 
902 |a https://opac.biblio.iteso.mx/vufind/Record/000466421